|
|
|
|
| LEADER |
00000nab#a22000007a#4500 |
| 001 |
arbauad024714 |
| 003 |
AR-BaUAD |
| 005 |
20250711112051.0 |
| 008 |
970213|||||||||###||||||b###|0###a|spa|| |
| 040 |
|
|
|a AR-BaUAD
|c AR-BaUAD
|b spa
|
| 245 |
1 |
0 |
|a La nuova generazione
|
| 300 |
0 |
|
|b cortes, fot., plantas
|
| 500 |
|
|
|a Trabajos seleccionales en la Bienal de venecia de arquitectos jóvenes.
|
| 653 |
|
|
|a BIENAL DE VENECIA
|
| 653 |
|
|
|a NIELSEN-NIELSEN-NIELSEN
|
| 653 |
|
|
|a EDIFICIOS DE OFICINAS
|
| 653 |
|
|
|a DINAMARCA
|
| 653 |
|
|
|a KIISKILA, HANNU
|
| 653 |
|
|
|a FINLANDIA
|
| 653 |
|
|
|a LUND, SOREN ROBERT
|
| 653 |
|
|
|a MUSEOS
|
| 653 |
|
|
|a WIHELMSON, ANDERS
|
| 653 |
|
|
|a DEPOSITOS
|
| 653 |
|
|
|a NORUEGA
|
| 773 |
0 |
|
|t DOMUS
|g no. 788 [dic. 1996], p. 94-101
|
| 942 |
|
|
|c ARTI
|
| 952 |
|
|
|0 0
|1 0
|4 0
|7 0
|9 69633
|a AR-BAuAD
|b AR-BAuAD
|d 2025-07-11
|l 0
|p AAQA024714
|r 2025-07-11 11:20:50
|w 2025-07-11
|y ARTI
|
| 990 |
|
|
|a AQ199
|b TD
|
| 998 |
|
|
|a AAQ
|b BIBUN76
|
| 999 |
|
|
|c 49306
|d 49306
|